000 00325nam a2200109Ia 4500
008 171211s9999 xx 000 0 und d
245 2 _aA Conductor's Guide to Selected Baroque Choral-Orchestral Works
245 _cJonathan D. Green
260 _c2013
650 _xART
856 _uhttp://down.ebook777.com/061/0810886499.pdf
999 _c348595
_d348595